000 00551nam a22001457a 4500
003 0
005 20160609172359.0
008 130814t xxu||||| |||| 00| 0 eng d
040 _aBUAC
_bFr
_cBEPAC
100 _aAGBOHOUNGBO Serge Agossou
_926646
245 _aReproduction artificielle et élevage larvaire du poisson-chat africain Clarias gariepinus : cas de la ferme piscicole SENA dans la commune d’Avrankou
_cAGBOHOUNGBO Serge Agossou
260 _aAbomey-Calavi
_bEcole Polytechnique d’Abomey-Calavi
_c2007
300 _a51 p.
942 _cTHE
999 _c52831
_d52831